| 000 | 00657nam a2200193 a 4500 | ||
|---|---|---|---|
| 003 | 0 | ||
| 005 | 20250407110514.0 | ||
| 008 | 071126s19uu xx 00 eng d | ||
| 050 |
_aPHS P 87 _b.M87 2007 |
||
| 100 | _aMurphy, Karl Amiel A. | ||
| 245 |
_aTexting and spelling proficiency of students / _cKarl Amiel A. Murphy. |
||
| 260 |
_aLas PiƱas City, Philippines : _bSouthville International School and Colleges, _c2007. |
||
| 300 |
_a18 pages ; _c28 cm. |
||
| 504 | _aIncludes bibliographical references. | ||
| 650 |
_aLanguage and languages _xUsage. |
||
| 650 |
_aTexting _xEducational aspects. |
||
| 650 | _aSpelling proficiency. | ||
| 942 |
_2lcc _cPASS |
||
| 999 |
_c97862 _d97862 |
||